| 000 | 00556nam a22001817a 4500 | ||
|---|---|---|---|
| 999 |
_c185492 _d185492 |
||
| 005 | 20220203113617.0 | ||
| 010 | _aENG-131373 | ||
| 020 |
_a9789389624519 _c220.00 |
||
| 035 | _aEN-114905 | ||
| 037 | _bDBAD | ||
| 082 | _aN | ||
| 100 | _aSharma, Rupangi | ||
| 245 |
_aA Life Of My Own/ _cRupangi Sharma |
||
| 260 |
_aMaharashtra _bVihwakarma Publications _c2021 |
||
| 270 |
_a34A/1, Suyog Center, 7th Floor, Gultekadi Marketyard Road, Giridhar Bhavan Chowk _bPune _e411037 _minfo@vpindia.co.in |
||
| 300 |
_a167p. _c22cm(pbk) |
||
| 942 |
_2ddc _cEN _hN _mSHA |
||